LGBTQ+ Celebrities - Statistics

General Stats
  • This quiz has been taken 182 times
  • The average score is 8 of 16
Answer Stats
Picture Answer % Correct
Ellen DeGeneres
96%
Elton John
92%
Lil Nas X
90%
Demi Lovato
81%
Sam Smith
75%
Kristen Stewart
68%
Elliot Page
66%
Neil Patrick Harris
54%
Jim Parsons
38%
Halsey
37%
Ricky Martin
34%
Billy Porter
27%
Kate McKinnon
23%
Matt Bomer
23%
Wentworth Miller
19%
Zachary Quinto
17%
No matching quizzes found
Score Distribution
Percent of People with Each Score
Percentile by Number Answered
Your Score History
You have not taken this quiz